000 00992nam a2200265 a 4500
003 DO-SdBNP
005 20220609102216.0
007 ta
008 220608e2018 dr ||||gr|||| 001 edspa d
020 _a9789945913163
040 _aDO-SdBNP
_bspa
_cBNPHU
082 4 _222
_bR696d
245 1 0 _aDocumentos para el estudio de la historia colonial de Santo Domingo:
_b (1561-1680). /
_cGenaro Rodríguez Morel
260 _aSanto Domingo :
_bArchivo General de la Nación,
_c2018
300 _a340 p. ;
_c27 cm.
490 _aArchivo General de la Nación; Archivo General de la Nación;
_v340
500 _aLa Biblioteca posee el v. II
500 _aIncluye datos biográficos del autor en las solapas de las cubiertas.
500 _aIncluye índice.
590 _aInventariado 2022 / MF
651 4 _911651
_aRepública Dominicana
_xHistoria
_y1561-1680
830 _aArchivo General de la Nación; Archivo General de la Nación
_lspa
_n340
_981801
910 _aMFeliz
942 _2ddc
_cLBS1
999 _c51966
_d51966